Recent Trends in Algebraic Development Techniques 14th International Workshop, WADT '99, Chateau de Bonas, September 15-18, 1999 Selected Papers /

Bibliographic Details
Corporate Author: SpringerLink (Online service)
Other Authors: Bert, Didier (Editor, http://id.loc.gov/vocabulary/relators/edt), Choppy, Christine (Editor, http://id.loc.gov/vocabulary/relators/edt), Mosses, Peter (Editor, http://id.loc.gov/vocabulary/relators/edt)
Format: Electronic eBook
Language:English
Published: Berlin, Heidelberg : Springer Berlin Heidelberg : Imprint: Springer, 2000.
Edition:1st ed. 2000.
Series:Lecture Notes in Computer Science, 1827
Subjects:
Online Access:Full Text via HEAL-Link
LEADER 04293nam a2200577 4500
001 978-3-540-44616-3
003 DE-He213
005 20191024122503.0
007 cr nn 008mamaa
008 121227s2000 gw | s |||| 0|eng d
020 |a 9783540446163  |9 978-3-540-44616-3 
024 7 |a 10.1007/b75154  |2 doi 
040 |d GrThAP 
050 4 |a QA76.758 
072 7 |a UMZ  |2 bicssc 
072 7 |a COM051230  |2 bisacsh 
072 7 |a UMZ  |2 thema 
072 7 |a UL  |2 thema 
082 0 4 |a 005.1  |2 23 
245 1 0 |a Recent Trends in Algebraic Development Techniques  |h [electronic resource] :  |b 14th International Workshop, WADT '99, Chateau de Bonas, September 15-18, 1999 Selected Papers /  |c edited by Didier Bert, Christine Choppy, Peter Mosses. 
250 |a 1st ed. 2000. 
264 1 |a Berlin, Heidelberg :  |b Springer Berlin Heidelberg :  |b Imprint: Springer,  |c 2000. 
300 |a X, 490 p.  |b online resource. 
336 |a text  |b txt  |2 rdacontent 
337 |a computer  |b c  |2 rdamedia 
338 |a online resource  |b cr  |2 rdacarrier 
347 |a text file  |b PDF  |2 rda 
490 1 |a Lecture Notes in Computer Science,  |x 0302-9743 ;  |v 1827 
505 0 |a Invited Topics -- A Type-Theoretic Memory Model for Verification of Sequential Java Programs -- From States to Histories -- Principles and Pragmatics of Subtyping in PVS -- Casl: Language, Methodology and Tools -- Extending Casl by Late Binding -- Towards an Evolutionary Formal Software-Development Using CASL -- Development of Parsing Tools for CASL Using Generic Language Technology -- Using CASL to Specify the Requirements and the Design: A Problem Specific Approach -- Subsorted Partial Higher-Order Logic as an Extension of CASL -- Specifying Real Numbers in CASL -- Foundations -- Specification Refinement with System F - The Higher-Order Case -- Guarded Algebras: Disguising Partiality so You Won't Know Whether Its There -- A General Completeness Result in Refinement -- An Institution of Hybrid Systems -- Realization of Probabilistic Automata: Categorical Approach -- Specifications in an Arbitrary Institution with Symbols -- A General Algebraic Framework for Studying Modular Systems -- Specification of Processes and Interactions -- History Preserving Bisimulation for Contextual Nets -- A Model for Interaction of Agents and Environments -- Algebra-Coalgebra Structures and Bialgebras -- A Uniform Model Theory for the Specification of Data and Process Types -- Other Topics -- Relating Abstract Datatypes and Z-Schemata -- Algebraic Specification of Operator-Based Multimedia Scenarios -- Higher-Order Logic and Theorem Proving for Structured Specifications -- Extraction of Structured Programs from Specification Proofs -- Towards a Verification Logic for Rewriting Logic -- The Rôle of Normalisation in Testing from Structured Algebraic Specifications. 
650 0 |a Software engineering. 
650 0 |a Programming languages (Electronic computers). 
650 0 |a Computer programming. 
650 0 |a Computer logic. 
650 1 4 |a Software Engineering/Programming and Operating Systems.  |0 http://scigraph.springernature.com/things/product-market-codes/I14002 
650 2 4 |a Programming Languages, Compilers, Interpreters.  |0 http://scigraph.springernature.com/things/product-market-codes/I14037 
650 2 4 |a Programming Techniques.  |0 http://scigraph.springernature.com/things/product-market-codes/I14010 
650 2 4 |a Software Engineering.  |0 http://scigraph.springernature.com/things/product-market-codes/I14029 
650 2 4 |a Logics and Meanings of Programs.  |0 http://scigraph.springernature.com/things/product-market-codes/I1603X 
700 1 |a Bert, Didier.  |e editor.  |4 edt  |4 http://id.loc.gov/vocabulary/relators/edt 
700 1 |a Choppy, Christine.  |e editor.  |4 edt  |4 http://id.loc.gov/vocabulary/relators/edt 
700 1 |a Mosses, Peter.  |e editor.  |4 edt  |4 http://id.loc.gov/vocabulary/relators/edt 
710 2 |a SpringerLink (Online service) 
773 0 |t Springer eBooks 
776 0 8 |i Printed edition:  |z 9783662163283 
776 0 8 |i Printed edition:  |z 9783540678984 
830 0 |a Lecture Notes in Computer Science,  |x 0302-9743 ;  |v 1827 
856 4 0 |u https://doi.org/10.1007/b75154  |z Full Text via HEAL-Link 
912 |a ZDB-2-SCS 
912 |a ZDB-2-LNC 
912 |a ZDB-2-BAE 
950 |a Computer Science (Springer-11645)